Stolice świata - losowa informacja z Wikipedii - Statystyki

Ogólne statystyki
  • Ten quiz został rozwiązany 9 razy
  • Średni wynik to 6 z 22
Statystyki odpowiedzi
Podpowiedź Stolica % Poprawnych
Drugie pod względem ludności miasto kraju. Znajdują się tam rafinerie ropy naftowej i gazu ziemnego, odsalarnia wody morskiej i międzynarodowy port lotniczy; znajduje się tu także najbardziej luksusowy hotel na świecie Emirates Palace. Abu Zabi
71%
Miasto położone nad Tygrysem; jest jednym z największych miast z klimatem gorącej pustyni. Bagdad
71%
Miasto jest położone na południowym wschodzie kraju, w środkowej części regionu Ostlandet; założone w 1048 przez Haralda III Surowego. Oslo
71%
Miasto położone w regionie Attyka; swoją siedzibę mają tu kluby piłkarskie np. Panathinaikos AO Ateny
57%
Stolica i największe miasto tego kraju, położone w Tienszanie u podnóża Gór Kirgiskich nad rzekami Ała Arcza i Ałamedin. Na północy miasto przecina kanał Wielki Czujski. Biszkek
57%
Stolica podzielona jest na 18 dzielnic; jest tam największy łuk triumfalny na świecie oraz pozostałości pałacu Anhak i fortecy Taesong, fortecy Jangan (bramy Taedong i Pothong) Pjongjang
43%
Położone na północy kraju, 11 km od wybrzeża Morza Karaibskiego. Miasto zostało założone w 1567 przez hiszpańskiego odkrywcę, Diego de Losadę Caracas
29%
Miasto w starożytności znane jako Ortospana, Kabura (Κάβουρα), Kophes lub Kophene; leży na wysokości 1807 m n.p.m., w wąskiej kotlinie górskiej, ograniczonej górami Hindukusz na północy i Spin Ghar na południu Kabul
29%
Jest to drugie co do wielkości miasto Afryki; założenie przez Henry'ego Mortona Stanleya. Kinszasa
29%
Stolica i największe miasto tego kraju, położone nad rzeką Świsłoczą. Mińsk
29%
Jest to jedno z czterech miast wydzielonych, podlegające bezpośrednio władzom kraju. Od północy, zachodu i południa graniczy z prowincją Hebei, a od wschodu z miastem wydzielonym Tiencin. Pekin
29%
To druga najwyżej położona stolica państwowa; miasto położone jest ok. 40 km na południe od równika. Quito
29%
Miasto jest położone na wyżynie, w środkowo-zachodniej części kraju; szacuje się, że jest trzecim najbardziej zaludnionym miastem w tym państwie. W mieście znajduje się sztuczne jezioro, Jezioro Paranoa. Brasilia
14%
Jest 8. co do wielkości miastem kraju; przed europejskim osadnictwem teren dzisiejszej stolicy był zamieszkany przez plemiona Ngunnawal i Walgalu. Canberra
14%
Stolica położona na północnym brzegu rzeki Potomak, stanowiąca terytorium federalne. Paryż jest „miastem partnerskim” - jednym z 10. Waszyngton
14%
Stolica położona jest w środkowej części wyspy, nad rzeką Ikopa, na wysokości ok. 1400 m n.p.m.; została założona w 1625 i była stolicą wodzów Hova Antananarywa
0%
Stolica i drugie co do liczby ludności miasto w tym państwie, położone nad rzeką Iszym, w północno-środkowej części kraju. Astana
0%
Leży nadzeką Bagmati; miasto zostało założone w 723 roku przez króla Gunakamadevę. Katmandu
0%
Nazwa miasta w języku lokalnym oznacza „błotniste ujście”. Jest to enklawa w stanie Selangor. Kuala Lumpur
0%
Stolica położona w zachodniej części kraju, w kotlinie na wysokości 2100–2300 m otoczonej wysokimi szczytami; jest jednym z najstarszych miejsc zaludnionych na świecie - według popularnej legendy została założona przez Sema, syna Noego. W mieście znajduje się stadion Ali Muhesen. Sana
0%
Stolica położona na południowo-wschodnim wybrzeżu wyspy Viti Levu, w Dystrykcie Centralnym, w prowincji Rewa. Suva
0%
Miasto położone w północno-wschodniej części kraju; charakterystyczne przez gotycką katedrę św. Szczepana. Wiedeń
0%
Nie znaleziono quizów pasujących do podanych kryteriów
Rozkład punktacji
Procent ludzi z każdym wynikiem
Percentyl według liczby udzielonych odpowiedzi
Twoja historia wyników
Nie rozwiązałeś tego quizu